Old Provinces of Burundi with a Map - Statistics

General Stats
  • This quiz has been taken 1,750 times
  • The average score is 9 of 18
Answers on the Map
Answers color-coded by a green-red scale on the quiz's map according to % correct below.
 
Answer Stats
Province % Correct
Gitega
91%
Bujumbura Mairie
86%
Bujumbura Rural
61%
Cibitoke
52%
Ngozi
52%
Bururi
51%
Mwaro
49%
Rutana
49%
Bubanza
48%
Ruyigi
48%
Cankuzo
47%
Makamba
47%
Rumonge
47%
Kayanza
46%
Kirundo
45%
Muramvya
44%
Muyinga
44%
Karuzi
43%
No matching quizzes found
Score Distribution
Percent of People with Each Score
Percentile by Number Answered
Your Score History
You have not taken this quiz